Kosovan Cities by their Serbian Names - Statistics

General Stats
  • This quiz has been taken 28 times
  • The average score is 9 of 15
Answer Stats
Serbian city name Kosovan city name % Correct
Kosovska Mitrovica Mitrovicë
100%
Peć Peja
88%
Uroševac Ferizaj
82%
Dečani Deçan
71%
Đakovica Gjakovë
71%
Gnjilane Gjilan
71%
Suva Reka Suharekë
65%
Mališevo Malisheva
59%
Istok Istog
53%
Orahovac Rahovec
53%
Vučitrn Vushtrri
53%
Glogovac Drenas
35%
Srbica Skenderaj
35%
Štimlje Shtime
24%
Štrpce Shtërpcë
18%
No matching quizzes found
Score Distribution
Percent of People with Each Score
Percentile by Number Answered
Your Score History
You have not taken this quiz